Subdivisions - Cantons of Switzerland by Flag - Statistics

General Stats
  • This quiz has been taken 20 times
  • The average score is 21 of 26
Answer Stats
Picture Answer % Correct
Bern
100%
Geneva
94%
Grisons /(Graubünden)
94%
Schwyz
88%
Uri
88%
Zürich
88%
Aargau
81%
Basel-Landschaft
81%
Basel-Stadt
81%
Lucerne /(Luzern)
81%
Neuchâtel
81%
St. Gallen
81%
Ticino
81%
Vaud
81%
Appenzell Ausserrhoden
75%
Appenzell Innerrhoden
75%
Fribourg
75%
Glarus
75%
Jura
75%
Nidwalden
75%
Obwalden
75%
Valais
75%
Zug
75%
Schaffhausen
69%
Solothurn
69%
Thurgau
69%
No matching quizzes found
Score Distribution
Percent of People with Each Score
Percentile by Number Answered
Your Score History
You have not taken this quiz